[Event "Challenge"]
[Site "http://www.queenalice.com/game.php?id=1006161"]
[Date "2011.11.7"]
[Round "-"]
[White "vangogh"]
[Black "fecalixto"]
[Result "1-0"]
[WhiteElo "1461"]
[BlackElo "1272"]

1. e4 d5 2. Nc3 Nf6 3. b3 e6 4. a4 Nc6 5. Nf3 Bc5 6. Qe2 O-O 7. Ba3 b6 8. Qb5
Bb7 9. Bxc5 Ne7 10. Bxe7 Qxe7 11. Ng5 d4 12. Ne2 h6 13. Nf3 Nxe4 14. Nexd4 Rfd8
15. Bd3 Nc5 16. b4 a6 17. Qc4 e5 18. Nf5 Qe8 19. bxc5 bxc5 20. Qxc5 c6 21. Ne7+
Kh8 22. Rb1 Rdb8 23. Nxe5 f6 24. Bg6 Qf8 25. Nf7+ Qxf7 26. Bxf7 Rf8 27. Ng6+ Kh7
28. Nxf8+ 1-0

[Event "Challenge"]
[Site "http://www.queenalice.com/game.php?id=1006450"]
[Date "2011.11.8"]
[Round "-"]
[White "fecalixto"]
[Black "RodrigoKung"]
[Result "0-1"]
[WhiteElo "1312"]
[BlackElo "1230"]

1. e4 e5 2. d4 Bd6 3. Nc3 Nf6 4. Nf3 Nc6 5. d5 Ne7 6. Bc4 c6 7. Ng5 O-O 8. b3 b5
9. Be2 a6 10. Bb2 cxd5 11. exd5 Bb7 12. O-O Nexd5 13. Qd3 g6 14. a4 Rc8 15. axb5
axb5 16. Nxb5 Bb8 17. Qh3 Nf4 18. Qe3 d6 19. Rfd1 Nxg2 20. Qh3 Rxc2 21. Qd3 Nh5
22. Qxc2 Qxg5 23. Bf3 Ne3+ 24. Kh1 Bxf3# 0-1

[Event "Challenge"]
[Site "http://www.queenalice.com/game.php?id=1008854"]
[Date "2011.11.15"]
[Round "-"]
[White "henrique16"]
[Black "fecalixto"]
[Result "1-0"]
[WhiteElo "1491"]
[BlackElo "1220"]

1. e3 d5 2. d4 e6 3. Nf3 Nf6 4. Ne5 Bb4+ 5. c3 Ba5 6. Qa4+ c6 7. b4 Bb6 8. b5
cxb5 9. Qxb5+ Nfd7 10. Be2 f6 11. Bh5+ g6 12. Bxg6+ hxg6 13. Nxg6 Rh6 14. Nf4 a6
15. Qa4 Nc6 16. Nxe6 Qe7 17. Nc7+ Bxc7 18. Qb3 Qe4 19. f3 Qh4+ 20. Kf1 Nb6 21.
a4 Nc4 22. Ra2 Be6 23. Qxb7 Ra7 24. Qxc6+ Ke7 25. Ba3+ Nd6 26. Rb2 Rh8 27. Rb7
Bd7 28. Qxc7 Rxb7 29. Qxd6+ Kd8 30. Qe7+ Kc8 31. Qc5+ Kb8 32. Qd6+ Ka7 33. Bb4
Bxa4 34. Bc5+ Ka8 35. Qxa6+ Kb8 36. Bd6+ Kc8 37. Qa8+ Kd7 38. Qxb7+ Kxd6 39.
Qb4+ Kc7 40. Qxa4 Rb8 41. Qa5+ Kc8 42. Qc5+ Kd7 43. Qxd5+ Ke7 44. Qc5+ Kf7 45.
Qc7+ Kg6 46. Qxb8 Qg5 47. Qg8+ Kf5 48. Qxg5+ fxg5 49. g4+ Kg6 50. d5 Kf7 51. d6
Ke8 52. Kf2 Kd7 53. Rd1 Kd8 54. d7 1-0

[Event "Challenge"]
[Site "http://www.queenalice.com/game.php?id=1008855"]
[Date "2011.11.15"]
[Round "-"]
[White "henrique16"]
[Black "fecalixto"]
[Result "0-1"]
[WhiteElo "1501"]
[BlackElo "1211"]

1. e3 e5 2. Qh5 Nf6 3. Qxe5+ Qe7 4. Qxc7 Nc6 5. Qf4 d5 6. f3 Nh5 7. Qa4 Qf6 8.
c3 Bf5 9. d3 Bc5 10. d4 Bb6 11. g4 O-O 12. gxh5 Qh4+ 13. Kd1 Qf2 14. Be2 Qg2 15.
Kd2 Qxh1 16. Qd1 Qxh2 17. f4 Rfe8 18. Nf3 Qxh5 19. Qg1 Na5 20. Qg5 Qg6 21. Qxg6
Bxg6 22. Bb5 Rec8 23. Na3 Be4 24. Ne5 a6 25. Bd7 Rd8 26. Ke2 f6 27. Be6+ Kf8 28.
Bd2 fxe5 29. fxe5 Ke7 30. Bh3 Rf8 31. Rg1 Rf3 32. Rxg7+ Ke8 33. Rxh7 Bd8 34. Bg2
Rf5 35. Bxe4 dxe4 36. Nc2 Rg5 37. Ne1 b5 38. b4 Nc6 39. Rh4 a5 40. bxa5 Rxa5 41.
Rxe4 Rxa2 42. Rf4 Rh5 43. Rg4 Bh4 44. Nf3 Be7 45. Rg8+ Kd7 46. Ne1 Rh2+ 47. Ng2
Na5 48. Ra8 Rxg2+ 49. Kd3 Raxd2+ 50. Ke4 Rg4+ 51. Kd5 Nc6 52. e6+ Kc7 53. Re8
Rg5+ 54. Ke4 b4 55. cxb4 Bxb4 56. d5 Rg4+ 57. Kf3 Ne5# 0-1

[Event "Challenge"]
[Site "http://www.queenalice.com/game.php?id=1009476"]
[Date "2011.11.17"]
[Round "-"]
[White "fecalixto"]
[Black "RodrigoKung"]
[Result "0-1"]
[WhiteElo "1254"]
[BlackElo "1424"]

1. e3 e5 2. Bb5 c6 3. Ba4 Nf6 4. d4 Bd6 5. dxe5 Bxe5 6. Nf3 Bc7 7. O-O O-O 8.
Nc3 d5 9. Re1 b5 10. Bb3 Ba5 11. e4 b4 12. Nxd5 cxd5 13. e5 Ng4 14. Bxd5 Qb6 15.
Nd4 Bb7 16. Bf3 Nh6 17. Be3 Nd7 18. Bf4 Nc5 19. Re2 Qg6 20. Re3 Nf5 21. Ra3 bxa3
22. bxa3 Rad8 23. Be3 Bc3 24. Rb1 Bxf3 25. Qxf3 Bxd4 26. Qc6 Qxc6 0-1

[Event "Challenge"]
[Site "http://www.queenalice.com/game.php?id=1016699"]
[Date "2011.12.7"]
[Round "-"]
[White "fecalixto"]
[Black "thierry901"]
[Result "0-1"]
[WhiteElo "1265"]
[BlackElo "1184"]

1. e4 e5 2. d4 f6 3. Nf3 Nc6 4. dxe5 fxe5 5. Bg5 Nf6 6. Nc3 Be7 7. Be3 d6 8. g3
Be6 9. Bg2 O-O 10. O-O Qe8 11. Ng5 Ng4 12. Nxe6 Qh5 13. Nxc7 Qxh2# 0-1

[Event "Challenge"]
[Site "http://www.queenalice.com/game.php?id=1019926"]
[Date "2012.1.30"]
[Round "-"]
[White "fecalixto"]
[Black "rapfir"]
[Result "0-1"]
[WhiteElo "1297"]
[BlackElo "1165"]

1. e3 d5 2. d4 e6 3. Nf3 Bd6 4. Nc3 Ne7 5. Ng5 f6 6. Nge4 dxe4 7. Nxe4 f5 8. Nc3
Nbc6 9. Bc4 Ng6 10. Qh5 Qf6 11. Ne2 Bd7 12. Nf4 O-O-O 13. O-O Bxf4 14. exf4 Nxd4
15. Qd1 Rhe8 16. Re1 Bc6 17. Be3 Nh4 18. Bxd4 Rxd4 19. Qh5 Rxc4 20. Qxh7 Rxc2
21. b3 Nxg2 22. Red1 Nxf4 23. a4 Ne2+ 24. Kf1 Qg5 25. Rd2 Qxd2 0-1

[Event "TO NEIN AI VERME VI"]
[Site "http://www.queenalice.com/game.php?id=1020272"]
[Date "2012.1.30"]
[Round "-"]
[White "rogeriooliveira"]
[Black "fecalixto"]
[Result "0-1"]
[WhiteElo "1388"]
[BlackElo "1315"]

1. e4 e6 2. d4 d5 3. e5 Nc6 4. Nf3 Bb4+ 5. Bd2 Qe7 6. Bxb4 Qxb4+ 7. Nc3 Qxb2 8.
Rb1 Qxc3+ 9. Nd2 Qxd4 10. Nf3 Qe4+ 11. Qe2 Nge7 12. c3 Qxb1+ 13. Qd1 Qxa2 14.
Bb5 O-O 15. Bxc6 Nxc6 16. O-O Qc4 17. Qc1 Bd7 18. Re1 Na5 19. Rd1 Ba4 20. Rd2
Rfd8 21. Qf1 Qxc3 22. Rd3 Qc2 23. Rd2 Qc4 24. Qxc4 Nxc4 25. Re2 b5 26. Kh1 d4
27. Re4 d3 28. Rd4 d2 29. Nxd2 Rxd4 30. Nf3 Rd1+ 31. Ne1 Rxe1# 0-1

[Event "TOU NEIN AI VERME X"]
[Site "http://www.queenalice.com/game.php?id=1020295"]
[Date "2012.1.30"]
[Round "-"]
[White "rogeriooliveira"]
[Black "fecalixto"]
[Result "0-1"]
[WhiteElo "1354"]
[BlackElo "1297"]

1. e4 e6 2. d4 d5 3. e5 Nc6 4. Nf3 Bb4+ 5. Bd2 Qe7 6. Bxb4 Qxb4+ 7. Nc3 Qxb2 8.
Na4 Qb4+ 9. c3 Qa5 10. Nc5 Qxc3+ 11. Ke2 b6 12. Na4 Qb4 13. Nxb6 axb6 14. Rb1
Qc4+ 15. Qd3 Qxa2+ 16. Rb2 Qxb2+ 17. Qd2 Qb1 18. Qd1 Ba6+ 19. Ke1 Qe4+ 20. Kd2
Bc4 21. Bxc4 dxc4 22. Kc1 Nb4 23. Qe1 Nd3+ 24. Kc2 Nxe1+ 25. Kc1 Ra1+ 26. Kb2
Rb1+ 27. Kc3 Qc2# 0-1

[Event "VOLCAN IV"]
[Site "http://www.queenalice.com/game.php?id=1024554"]
[Date "2012.2.1"]
[Round "-"]
[White "rogeriooliveira"]
[Black "fecalixto"]
[Result "1-0"]
[WhiteElo "1342"]
[BlackElo "1376"]

1. e4 e6 2. d4 d5 3. e5 Nc6 4. Nf3 b6 5. Bb5 Bb4+ 6. Bd2 Bd7 7. Bxc6 Bxc6 8.
Bxb4 Ne7 9. Bxe7 Qxe7 10. O-O Qb4 11. Nc3 Qxb2 12. Qd2 O-O 13. Rfb1 Qa3 14. Re1
Rfd8 15. Reb1 Qe7 16. Re1 b5 17. Ne2 b4 18. c3 Rab8 19. cxb4 Rxb4 20. Rab1 a5
21. a3 Rb5 22. Rxb5 Bxb5 23. Nh4 Qxh4 24. g3 Qe7 25. Kg2 Ra8 26. Rb1 c6 27. Nf4
Qg5 28. h4 Qf5 29. Qe1 Bc4 30. Rb2 a4 31. Qb4 Bb5 32. Nh3 Qe4+ 33. f3 Qd3 34.
Rd2 Qf5 35. g4 Bf1+ 36. Kxf1 Qxf3+ 37. Nf2 Qg3 38. Rd3 Qxh4 39. Rc3 Rc8 40. Qxa4
Rb8 41. Rb3 Rc8 42. Qb4 Qd8 43. a4 h6 44. a5 f6 45. Qa4 c5 46. dxc5 Rxc5 47. a6
Rc1+ 48. Ke2 Qc7 49. a7 Qxe5+ 50. Kd2 Qe1+ 51. Kd3 Rc8 52. a8=Q Rxa8 53. Qb4 Ra2
54. Qxe1 e5 55. Rb5 Ra3+ 56. Kd2 Ra2+ 57. Kd3 d4 58. Nd1 Ra3+ 59. Kc4 d3 60. Nf2
1-0

[Event "Challenge"]
[Site "http://www.queenalice.com/game.php?id=1026310"]
[Date "2012.2.5"]
[Round "-"]
[White "magalhaes_br"]
[Black "fecalixto"]
[Result "0-1"]
[WhiteElo "1278"]
[BlackElo "1268"]

1. e4 e6 2. Nc3 d5 3. d3 Nf6 4. Qf3 Nc6 5. Nge2 Nb4 6. Kd1 Bc5 7. Be3 d4 8. Nxd4
Bxd4 9. Bd2 e5 10. a3 Nc6 11. g3 Bg4 12. Qe2 Bxe2+ 13. Bxe2 Bxf2 14. Rf1 Bc5 15.
b4 Bd4 16. h4 Qd7 17. Rh1 Bf2 18. Be1 Qd4 19. Rf1 Be3 20. Rb1 O-O 21. b5 Ne7 22.
Rb4 Qc5 23. Rc4 Qxa3 24. Bd2 Qa1+ 25. Bc1 Qxc1# 0-1

[Event "OMO IV"]
[Site "http://www.queenalice.com/game.php?id=1028586"]
[Date "2012.2.10"]
[Round "-"]
[White "rogeriooliveira"]
[Black "fecalixto"]
[Result "0-1"]
[WhiteElo "1340"]
[BlackElo "1353"]

1. e4 e5 2. d4 Qe7 3. d5 Qb4+ 4. Qd2 Qxe4+ 5. Ne2 Nf6 6. f3 Qf5 7. Nbc3 d6 8.
Rg1 Nbd7 9. b3 Nc5 10. Ng3 Qg6 11. Bb5+ Nfd7 12. Qe2 a6 13. Bxd7+ Bxd7 14. Rf1
Be7 15. Be3 O-O 16. Bxc5 dxc5 17. Rg1 Bf6 18. Rf1 Qh6 19. h3 Qh4 20. Qf2 Rfe8
21. O-O-O Qg5+ 22. f4 Qxf4+ 23. Qxf4 exf4 24. Rxf4 Bxc3 25. Rdf1 Re7 26. Ne4 Be5
27. R4f3 Rf8 28. Ng5 f6 29. Ne4 Bb5 30. R1f2 c4 31. b4 c3 32. Nc5 b6 33. Nb7 Rd7
34. g4 Rxd5 35. a3 Bc6 36. Na5 bxa5 37. bxa5 Rfd8 38. g5 fxg5 39. Re3 Rd1# 0-1

[Event "OMO V"]
[Site "http://www.queenalice.com/game.php?id=1028588"]
[Date "2012.2.10"]
[Round "-"]
[White "rogeriooliveira"]
[Black "fecalixto"]
[Result "0-1"]
[WhiteElo "1401"]
[BlackElo "1334"]

1. e4 e5 2. d4 d5 3. dxe5 dxe4 4. Nc3 Nc6 5. Nxe4 Qxd1+ 6. Kxd1 Nxe5 7. Nf3 Bg4
8. h3 Bf5 9. Bd3 g6 10. Re1 Bb4 11. Bd2 Nc6 12. Bxb4 Nxb4 13. a3 Nd5 14. c4 Nf4
15. g3 Ng2 16. Rg1 Bxh3 17. Rh1 Bg4 18. Rg1 Bxf3+ 19. Kd2 Nh4 20. gxh4 O-O-O 21.
Rgc1 Bxe4 22. Rc3 Nf6 23. Ke3 Rhe8 24. Bxe4 Rxe4+ 25. Kf3 Rde8 26. Rac1 Rxh4 27.
c5 Nd5 28. Rd3 Rh3+ 29. Kg2 Nf4+ 30. Kf1 Rh1# 0-1

[Event "Challenge"]
[Site "http://www.queenalice.com/game.php?id=1032603"]
[Date "2012.2.24"]
[Round "-"]
[White "fecalixto"]
[Black "ebpap123"]
[Result "0-1"]
[WhiteElo "1286"]
[BlackElo "1129"]

1. e3 e5 2. d4 exd4 3. Qxd4 Nc6 4. Qd3 Nf6 5. Nc3 Be7 6. e4 O-O 7. Bf4 Re8 8.
O-O-O d6 9. Nf3 a5 10. Nd5 Nxd5 11. exd5 Nb4 12. Qc4 Bd7 13. Nd4 Na6 14. Qe2 Bg5
15. Qg4 Bxg4 16. Ne2 Bxf4+ 17. Nxf4 Bxd1 18. Kxd1 Nc5 19. Bc4 Qf6 20. Nd3 Nxd3
21. Bxd3 Qxf2 22. c3 Qxb2 23. Bc2 Qa1+ 0-1

[Event "OS INCLIVEIS"]
[Site "http://www.queenalice.com/game.php?id=1034780"]
[Date "2012.3.1"]
[Round "-"]
[White "adelio"]
[Black "fecalixto"]
[Result "1-0"]
[WhiteElo "1754"]
[BlackElo "1281"]

1. h3 e6 2. d4 d5 3. e4 dxe4 4. Nd2 Qxd4 5. c3 Qd5 6. Bc4 Qf5 7. b4 Nc6 8. Qe2
Nf6 9. g4 Qe5 10. Bb2 Bd6 11. Bb5 O-O 12. h4 e3 13. fxe3 Qe4 14. Nxe4 Nxe4 15.
Rh3 Bg3+ 16. Rxg3 Nxg3 17. Qg2 a6 18. Bxc6 bxc6 19. Qxg3 Ra7 20. Rd1 Re8 21. g5
e5 22. h5 a5 23. Nf3 axb4 24. cxb4 Rxa2 25. Qxe5 Rxe5 26. Rd8+ 1-0

[Event "Challenge"]
[Site "http://www.queenalice.com/game.php?id=1035924"]
[Date "2012.3.4"]
[Round "-"]
[White "thierry901"]
[Black "fecalixto"]
[Result "0-1"]
[WhiteElo "1308"]
[BlackElo "1262"]

1. e4 d5 2. d3 e6 3. Be3 Nf6 4. Nc3 Nc6 5. Nf3 d4 6. Nxd4 Nxd4 7. Bxd4 Qxd4 8.
Nb5 Qxb2 9. Nxc7+ Kd8 10. Nxa8 Bb4+ 11. Ke2 e5 12. Rb1 Qd4 13. Rb3 Ng4 14. Kf3
Qxf2# 0-1

[Event "Challenge"]
[Site "http://www.queenalice.com/game.php?id=1035925"]
[Date "2012.3.4"]
[Round "-"]
[White "fecalixto"]
[Black "thierry901"]
[Result "1-0"]
[WhiteElo "1281"]
[BlackElo "1291"]

1. d3 e5 2. e4 f6 3. Nf3 Bc5 4. Nc3 d6 5. Nd5 Ne7 6. Ne3 Be6 7. b3 Nbc6 8. Qd2
g6 9. Bb2 f5 10. exf5 gxf5 11. d4 exd4 12. Nxd4 f4 13. Nc4 Nxd4 14. Bxd4 Bxd4
15. Qxd4 c5 16. Qxh8+ Bg8 17. Qg7 Kd7 18. Bd3 Qe8 19. Qg4+ Be6 20. Qxf4 Bf5 21.
Qxd6+ Kc8 22. Qxc5+ Nc6+ 23. Ne3 Qe5 24. Qf8+ Nd8 25. Bxf5+ Kc7 26. O-O 1-0